000 00754nam a2200253 a 4500
001 000042737
003 DO-SdBNP
005 20250207125148.0
007 ta
008 140206s 2012 dr r 000 f spa d
020 _a9789945475289
040 _aDO-SdBNP
_bspa
_cBNPHU
082 4 _aRD863.44
_bM663m
_222
100 1 _aMinaya, Ligia,
_d1941-
_923177
245 1 0 _aMariposa de arena /
_cLigia Minaya.
260 _aSanto Domingo :
_bEdiciones Ferilibro,
_c2012.
300 _a191 p. ;
_c23 cm.
500 _aIncluye datos biográficos de la autora en las solapas
590 _aInventariado, 2020/BT
650 0 _aNovela dominicana
_9223
650 0 _aLiteratura dominicana.
_967
910 _aValidado. Control de calidad MFF
942 _2ddc
_cLBS1
999 _c42226
_d42226